[Event "FIDE World Cup 2013"]
[Site "Tromso NOR"]
[Date "2013.08.12"]
[Round "2.40"]
[White "Movsesian, Sergei"]
[Black "Hammer, Jon Ludvig"]
[Result "1/2-1/2"]
[WhiteTitle "GM"]
[BlackTitle "GM"]
[WhiteElo "2699"]
[BlackElo "2605"]
[WhiteFideId "310204"]
[BlackFideId "1503707"]
[EventDate "2013.08.11"]

1. e4 e5 2. Nf3 Nc6 3. Bb5 Nf6 4. d3 Bc5 5. Nbd2 O-O 6. O-O Nd4 7. Nxd4 Bxd4 8.
Nf3 Bb6 9. h3 d6 10. c3 h6 11. Ba4 c6 12. Re1 Re8 13. Bc2 Nh5 14. d4 Qf6 15. Be3
Nf4 16. Nh2 Qh4 17. Kh1 Ng6 18. a4 Be6 19. a5 Bc7 20. d5 Bd7 21. a6 b5 22. dxc6
Bxc6 23. Qg4 Qxg4 24. hxg4 Ne7 25. Nf1 d5 26. Bc5 dxe4 27. Ng3 Bb6 28. Bxb6 axb6
29. Red1 e3 30. fxe3 Red8 31. Rxd8+ Rxd8 32. a7 Ra8 33. Ra6 g6 34. Be4 Bxe4 35.
Nxe4 Nc8 36. Nf6+ Kg7 37. Nd7 Rxa7 38. Rxa7 Nxa7 39. Kh2 e4 40. Kg3 g5 41. Nxb6
Kf6 42. c4 bxc4 43. Nxc4 Ke6 44. Kf2 Nc6 45. Ke2 Kd5 46. Nb6+ Ke6 47. Nc4 Kd5
48. Nb6+ Kd6 49. Nc4+ Kd5 1/2-1/2

[Event "FIDE World Cup 2013"]
[Site "Tromso NOR"]
[Date "2013.08.12"]
[Round "2.41"]
[White "Hou, Yifan"]
[Black "Shirov, Alexei"]
[Result "1/2-1/2"]
[WhiteTitle "GM"]
[BlackTitle "GM"]
[WhiteElo "2609"]
[BlackElo "2696"]
[WhiteFideId "8602980"]
[BlackFideId "2209390"]
[EventDate "2013.08.11"]

1. e4 c5 2. Nf3 Nc6 3. d4 cxd4 4. Nxd4 e5 5. Nb5 d6 6. N1c3 a6 7. Na3 Be6 8. Nc4
b5 9. Ne3 Nf6 10. Ned5 Be7 11. Be3 O-O 12. Be2 b4 13. Nxf6+ Bxf6 14. Nd5 Bg5 15.
O-O Bxe3 16. Nxe3 Qb6 17. c3 bxc3 18. bxc3 Qc5 19. Qd2 Ne7 1/2-1/2

[Event "FIDE World Cup 2013"]
[Site "Tromso NOR"]
[Date "2013.08.12"]
[Round "2.44"]
[White "Akopian, Vladimir"]
[Black "Nguyen, Ngoc Truong Son"]
[Result "1/2-1/2"]
[WhiteTitle "GM"]
[BlackTitle "GM"]
[WhiteElo "2691"]
[BlackElo "2625"]
[WhiteFideId "13300032"]
[BlackFideId "12401110"]
[EventDate "2013.08.11"]

1. e4 e6 2. d4 d5 3. Nd2 c5 4. exd5 exd5 5. Ngf3 a6 6. Be2 Nc6 7. O-O cxd4 8.
Re1 Be7 9. Nb3 Nf6 10. Nfxd4 O-O 11. Bg5 h6 12. Bh4 Ne4 13. Bxe7 Qxe7 14. Bf3 f5
15. c4 dxc4 16. Nxc6 bxc6 17. Nd2 Be6 18. Nxe4 fxe4 19. Bxe4 Qf6 20. Qc2 Rab8
21. Re2 Bd5 22. Rae1 Kh8 23. f3 Bxe4 24. fxe4 Qd4+ 25. Kh1 Rb5 26. Rd2 Qe5 27.
h3 Qg3 28. Red1 Qe5 29. Re1 Qg3 30. Rde2 Rfb8 31. Rb1 Qd3 32. Rd2 Qxc2 33. Rxc2
Ra5 34. Ra1 Ra4 35. e5 Rab4 36. Rb1 Ra4 37. Ra1 Rab4 38. e6 Rxb2 39. Rxc4 Re2
40. Rxc6 Rbb2 1/2-1/2

[Event "FIDE World Cup 2013"]
[Site "Tromso NOR"]
[Date "2013.08.12"]
[Round "2.45"]
[White "Najer, Evgeniy"]
[Black "Bruzon Batista, Lazaro"]
[Result "1/2-1/2"]
[WhiteTitle "GM"]
[BlackTitle "GM"]
[WhiteElo "2626"]
[BlackElo "2698"]
[WhiteFideId "4118987"]
[BlackFideId "3503739"]
[EventDate "2013.08.11"]

1. e4 e5 2. Nf3 Nc6 3. Bb5 a6 4. Ba4 Nf6 5. O-O Be7 6. d3 d6 7. c3 O-O 8. Nbd2
b5 9. Bc2 d5 10. Re1 d4 11. cxd4 exd4 12. a3 Nd7 13. Nf1 a5 14. Bb3 Nc5 15. Bd5
Ra6 16. Qc2 Be6 17. Bxe6 fxe6 18. Bg5 Rxf3 19. gxf3 Ne5 20. Qxc5 Nxf3+ 21. Kg2
Nxg5 22. Qe5 c5 23. Qg3 1/2-1/2

[Event "FIDE World Cup 2013"]
[Site "Tromso NOR"]
[Date "2013.08.12"]
[Round "2.47"]
[White "Postny, Evgeny"]
[Black "Li, Chao b"]
[Result "1/2-1/2"]
[WhiteTitle "GM"]
[BlackTitle "GM"]
[WhiteElo "2628"]
[BlackElo "2693"]
[WhiteFideId "2804344"]
[BlackFideId "8604436"]
[EventDate "2013.08.11"]

1. d4 Nf6 2. c4 g6 3. Nc3 d5 4. Nf3 Bg7 5. cxd5 Nxd5 6. e4 Nxc3 7. bxc3 c5 8.
Rb1 O-O 9. Be2 cxd4 10. cxd4 Qa5+ 11. Bd2 Qxa2 12. O-O b6 13. Qc1 Bb7 14. Bc4
Qa4 15. Bb5 Qa2 16. Re1 Rc8 17. Qd1 Qc2 18. Qe2 Qc7 19. Rec1 Qd8 20. Rxc8 Bxc8
21. Bc4 a5 22. Bf4 Na6 23. Ne5 Bxe5 24. Bxe5 Nb4 25. d5 Bd7 26. Ba1 b5 27. Bxb5
Bxb5 28. Qxb5 Nc2 29. Qa4 Nxa1 30. Rxa1 1/2-1/2

[Event "FIDE World Cup 2013"]
[Site "Tromso NOR"]
[Date "2013.08.12"]
[Round "2.48"]
[White "Ragger, Markus"]
[Black "Popov, Ivan RUS"]
[Result "1-0"]
[WhiteTitle "GM"]
[BlackTitle "GM"]
[WhiteElo "2680"]
[BlackElo "2644"]
[WhiteFideId "1610856"]
[BlackFideId "4170350"]
[EventDate "2013.08.11"]

1. d4 Nf6 2. c4 g6 3. Nc3 d5 4. cxd5 Nxd5 5. Bd2 Bg7 6. e4 Nxc3 7. Bxc3 O-O 8.
Qd2 c5 9. d5 Bxc3 10. bxc3 Qd6 11. f4 Nd7 12. Nf3 e5 13. dxe6 Qxe6 14. Bd3 b6
15. O-O Bb7 16. Rae1 f6 17. Bb5 Rad8 18. f5 Qe7 19. fxg6 hxg6 20. Qh6 Qh7 21.
Qf4 g5 22. Qg3 Bxe4 23. Nxg5 fxg5 24. Qxg5+ Kh8 25. Bxd7 Rxf1+ 26. Rxf1 Qxd7 27.
Qe5+ Qg7 28. Qxe4 Rf8 29. Rxf8+ Qxf8 30. Qe5+ Kg8 31. h4 Qf7 32. Qg3+ Kh8 33. a4
Qe8 34. Qf4 Qe1+ 35. Kh2 Qxc3 36. Qb8+ Kg7 37. Qxa7+ Kg6 38. Qxb6+ Kh5 39. Qc7
Kxh4 40. a5 Kg4 41. Qd7+ Kg5 42. Qd5+ Kf4 43. Qf7+ Kg5 44. Qg8+ Kf5 45. a6 Qe5+
46. Qg3 Qa1 47. Qf3+ Kg6 48. Qc6+ Kf7 49. Qd7+ Kf6 50. Qd6+ Kf7 51. Qc7+ Kg6 52.
Qg3+ Kf7 53. Qf4+ Kg6 54. Qg4+ Kf6 55. Qh5 Kg7 56. Qg5+ Kf7 57. Qf5+ Kg7 58. Qe6
Kf8 59. g4 Kg7 60. Qc4 Qe5+ 61. Kg2 Qb2+ 62. Kf3 Qf6+ 63. Ke3 Qa1 64. Ke4 Qd1
65. Ke5 Kh8 66. Ke6 Qd8 67. Kf5 Qd6 68. Qe6 Qd3+ 69. Kf6 Qd8+ 70. Kg6 Qd3+ 71.
Kf7 Qh7+ 72. Ke8 Qh1 73. Qf6+ Kh7 74. Qf7+ 1-0

[Event "FIDE World Cup 2013"]
[Site "Tromso NOR"]
[Date "2013.08.12"]
[Round "2.49"]
[White "Leitao, Rafael"]
[Black "Inarkiev, Ernesto"]
[Result "1/2-1/2"]
[WhiteTitle "GM"]
[BlackTitle "GM"]
[WhiteElo "2632"]
[BlackElo "2693"]
[WhiteFideId "2101246"]
[BlackFideId "4162722"]
[EventDate "2013.08.11"]

1. d4 d5 2. c4 c6 3. Nf3 Nf6 4. e3 a6 5. Bd3 Bg4 6. Nbd2 e6 7. O-O Nbd7 8. b3
Bf5 9. Qc2 Bxd3 10. Qxd3 Bd6 11. e4 dxe4 12. Nxe4 Nxe4 13. Qxe4 h6 14. Bb2 O-O
15. Bc3 Re8 16. Rad1 Qe7 17. Qc2 Rac8 18. Rfe1 1/2-1/2

[Event "FIDE World Cup 2013"]
[Site "Tromso NOR"]
[Date "2013.08.12"]
[Round "2.51"]
[White "Negi, Parimarjan"]
[Black "Kryvoruchko, Yuriy"]
[Result "0-1"]
[WhiteTitle "GM"]
[BlackTitle "GM"]
[WhiteElo "2643"]
[BlackElo "2678"]
[WhiteFideId "5016690"]
[BlackFideId "14109182"]
[EventDate "2013.08.11"]

1. e4 c5 2. Nf3 Nc6 3. Nc3 g6 4. d4 cxd4 5. Nxd4 Bg7 6. Be3 Nf6 7. Nb3 O-O 8.
Be2 d6 9. O-O Be6 10. f4 Rc8 11. Kh1 a6 12. Qe1 b5 13. Rd1 Nd7 14. f5 Bxb3 15.
cxb3 Nce5 16. Bd4 Nc6 17. Bxg7 Kxg7 18. a4 Nce5 19. axb5 axb5 20. Bxb5 Nf6 21.
Bc4 Qb6 22. Qe2 Rb8 23. Nd5 Nxd5 24. Bxd5 Rfc8 25. Qd2 Rc5 26. h3 Rbc8 27. Qf2
f6 28. Be6 Rb8 29. Ra1 Qc7 30. Qe3 Qb6 31. Ra4 Nc6 32. Qd2 Nb4 33. Bc4 Re5 34.
Re1 Qb7 35. Kh2 gxf5 36. exf5 Rxe1 37. Qxe1 d5 38. Bf1 Qc7+ 39. Kh1 Qe5 40. Qh4
d4 41. Bc4 Kh8 42. Be6 d3 43. Ra1 Nc2 44. Rd1 Qe2 45. Qg4 Rd8 46. Kg1 Qe3+ 47.
Kh1 d2 48. Bc4 Qe1+ 49. Kh2 Ne3 50. Qf4 Nxd1 0-1

[Event "FIDE World Cup 2013"]
[Site "Tromso NOR"]
[Date "2013.08.12"]
[Round "2.52"]
[White "Bologan, Viktor"]
[Black "Hracek, Zbynek"]
[Result "1/2-1/2"]
[WhiteTitle "GM"]
[BlackTitle "GM"]
[WhiteElo "2672"]
[BlackElo "2635"]
[WhiteFideId "13900048"]
[BlackFideId "300071"]
[EventDate "2013.08.11"]

1. e4 e5 2. Nf3 Nc6 3. Bb5 a6 4. Ba4 Nf6 5. O-O Be7 6. Bxc6 dxc6 7. d3 Nd7 8. b3
c5 9. Bb2 Bd6 10. Nbd2 O-O 11. Nc4 Re8 12. Nfd2 Nf8 13. Qh5 b5 14. Nxd6 cxd6 15.
f4 exf4 16. Rxf4 Be6 17. Rf3 f6 18. Rg3 Qe7 19. Nf1 Nd7 20. Ne3 Ne5 21. Rf1 a5
22. Rf4 Qf7 23. Qd1 a4 24. Rf1 axb3 25. axb3 Ra2 26. Qb1 Rea8 27. b4 cxb4 28.
Bxe5 dxe5 29. Qxb4 R2a5 30. Rgf3 Qf8 31. Qxf8+ Kxf8 32. g4 Ke7 33. h4 Ra1 34. g5
Rxf1+ 35. Rxf1 b4 36. gxf6+ gxf6 37. Kf2 Ra3 38. Rg1 b3 39. cxb3 Rxb3 40. Rg7+
Kf8 41. Rxh7 Rxd3 42. Ra7 Rd4 43. Kf3 f5 44. exf5 Bxf5 45. Nxf5 Rf4+ 46. Ke3
Rxf5 1/2-1/2

[Event "FIDE World Cup 2013"]
[Site "Tromso NOR"]
[Date "2013.08.12"]
[Round "2.56"]
[White "Matlakov, Maxim"]
[Black "Smeets, Jan"]
[Result "1-0"]
[WhiteTitle "GM"]
[BlackTitle "GM"]
[WhiteElo "2676"]
[BlackElo "2623"]
[WhiteFideId "4168003"]
[BlackFideId "1007246"]
[EventDate "2013.08.11"]

1. d4 d5 2. c4 c6 3. Nc3 dxc4 4. e4 b5 5. a4 b4 6. Nce2 e6 7. Nf3 Ba6 8. Ng3 c5
9. d5 Nf6 10. Bg5 h6 11. Bxf6 Qxf6 12. Rc1 Nd7 13. Bxc4 Bxc4 14. Rxc4 Qxb2 15.
O-O Be7 16. Rc2 Qb3 17. Nd4 cxd4 18. Rc8+ Rxc8 19. Qxb3 Rc3 20. Qd1 e5 21. Nf5
Bf8 22. d6 Nc5 23. Nxd4 exd4 24. Qxd4 a5 25. Qd5 f6 26. f4 Nd7 27. e5 Rc5 28.
Qa8+ Kf7 29. Qb7 Bxd6 30. Qxd7+ Be7 31. e6+ Kf8 32. Qb7 g6 33. Rd1 1-0

[Event "FIDE World Cup 2013"]
[Site "Tromso NOR"]
[Date "2013.08.12"]
[Round "2.57"]
[White "Jones, Gawain C B"]
[Black "Shimanov, Aleksandr"]
[Result "1/2-1/2"]
[WhiteTitle "GM"]
[BlackTitle "GM"]
[WhiteElo "2645"]
[BlackElo "2655"]
[WhiteFideId "409561"]
[BlackFideId "4198603"]
[EventDate "2013.08.11"]

1. e4 e6 2. d4 d5 3. Nd2 c5 4. exd5 Qxd5 5. Ngf3 cxd4 6. Bc4 Qd8 7. O-O a6 8.
Nb3 Nc6 9. Nbxd4 Nxd4 10. Nxd4 Qc7 11. Qe2 Bd6 12. Re1 Ne7 13. Nf3 O-O 14. Bd3
Ng6 15. h4 Nf4 16. Bxf4 Bxf4 17. Rad1 g6 18. Ng5 Bd7 19. g3 Bxg5 20. hxg5 Bc6
21. Qe5 Qxe5 22. Rxe5 Rfd8 23. Rde1 h6 24. gxh6 Kh7 25. f3 Kxh6 26. Kf2 Kg7 27.
g4 Rac8 28. Rc5 Rh8 29. Kg3 Bd5 30. Rxc8 Rxc8 31. c4 Bc6 32. g5 Rd8 33. Rd1 e5
34. Bc2 Rxd1 35. Bxd1 f6 36. f4 exf4+ 37. Kxf4 a5 38. c5 Bd5 39. a3 Kf7 40. b4
axb4 41. axb4 Bc6 42. Be2 fxg5+ 43. Kxg5 Ke6 44. Kxg6 Ke5 45. Kf7 Kd4 46. Ke7
Kc3 47. b5 Bxb5 48. Bf3 Kb4 49. Kd6 Ba6 50. Bg2 Ka5 51. Kc7 Kb5 52. Bxb7 Kxc5 1/2-1/2

[Event "FIDE World Cup 2013"]
[Site "Tromso NOR"]
[Date "2013.08.12"]
[Round "2.58"]
[White "Romanov, Evgeny"]
[Black "Filippov, Anton UZB"]
[Result "0-1"]
[WhiteTitle "GM"]
[BlackTitle "GM"]
[WhiteElo "2651"]
[BlackElo "2630"]
[WhiteFideId "4148843"]
[BlackFideId "14200988"]
[EventDate "2013.08.11"]

1. d4 f5 2. g3 Nf6 3. Bg2 g6 4. c4 Bg7 5. Nc3 O-O 6. Nf3 d6 7. O-O c6 8. Qc2 Na6
9. b3 Nb4 10. Qb1 e5 11. Rd1 e4 12. Ne1 d5 13. Ba3 Qa5 14. Qc1 Re8 15. Na4 Na6
16. Qc3 Qc7 17. Nc2 Be6 18. Nb4 Nxb4 19. Bxb4 Rad8 20. Rac1 g5 21. Qd2 f4 22.
cxd5 Bxd5 23. e3 f3 24. Bf1 Qf7 25. Nc3 Be6 26. Qc2 Qg6 27. d5 cxd5 28. Nb5 Qh5
29. Nc7 Bh3 30. Nxe8 Bxf1 31. h4 Qxe8 32. Rxf1 Qe6 33. Kh2 Ng4+ 34. Kg1 Ne5 35.
Qc7 Rd7 36. Qb8+ Kf7 37. Kh2 gxh4 38. Rc8 hxg3+ 39. fxg3 Qh6+ 40. Kg1 Qxe3+ 41.
Rf2 Qg5 42. Rg8 Qxg3+ 43. Kh1 Qh3+ 44. Kg1 Qg4+ 45. Kh1 e3 46. Rh2 f2 47. Rf8+
Bxf8 48. Qxf8+ Ke6 49. Qe8+ Kf6 50. Qf8+ Nf7 0-1

[Event "FIDE World Cup 2013"]
[Site "Tromso NOR"]
[Date "2013.08.12"]
[Round "2.59"]
[White "Amin, Bassem"]
[Black "Safarli, Eltaj"]
[Result "0-1"]
[WhiteTitle "GM"]
[BlackTitle "GM"]
[WhiteElo "2652"]
[BlackElo "2660"]
[WhiteFideId "10601457"]
[BlackFideId "13402129"]
[EventDate "2013.08.11"]

1. e4 c5 2. Nf3 Nc6 3. Bb5 g6 4. Bxc6 bxc6 5. O-O Bg7 6. Re1 Nf6 7. e5 Nd5 8. c4
Nc7 9. d4 cxd4 10. Qxd4 O-O 11. Qh4 f6 12. exf6 exf6 13. Nc3 Ne6 14. Nd4 f5 15.
Qxd8 Rxd8 16. Nxe6 dxe6 17. Be3 Ba6 18. c5 Rab8 19. Rad1 Rd3 20. Rxd3 Bxd3 21.
Rd1 Bc2 22. Rd2 Bxc3 23. Rxc2 Bxb2 24. g3 e5 25. Kf1 Rb4 26. Bd2 Rb7 27. Be3 Kf7
28. Ke2 Ba1 29. Rd2 Rb2 30. Rxb2 Bxb2 31. Kd3 Ke6 32. Kc4 e4 33. h3 Be5 34. Bd2
h5 35. Bg5 Bf6 36. Bf4 h4 0-1

[Event "FIDE World Cup 2013"]
[Site "Tromso NOR"]
[Date "2013.08.12"]
[Round "2.60"]
[White "Sasikiran, Krishnan"]
[Black "Lupulescu, Constantin"]
[Result "1/2-1/2"]
[WhiteTitle "GM"]
[BlackTitle "GM"]
[WhiteElo "2660"]
[BlackElo "2634"]
[WhiteFideId "5004985"]
[BlackFideId "1207822"]
[EventDate "2013.08.11"]

1. d4 Nf6 2. c4 e6 3. Nc3 Bb4 4. e3 O-O 5. Ne2 Re8 6. a3 Bf8 7. d5 exd5 8. cxd5
c5 9. Ng3 d6 10. Be2 b6 11. O-O Ba6 12. Bxa6 Nxa6 13. e4 Nc7 14. b4 g6 15. Bg5
h6 16. Bf4 a6 17. bxc5 bxc5 18. a4 Rb8 19. f3 Nd7 20. Qd2 Kh7 21. Nge2 Rb4 22.
Rab1 Na8 23. Rxb4 cxb4 24. Nd1 a5 25. Nd4 Nab6 26. Nc6 Qa8 27. Ne3 Rc8 28. h4
Nb8 29. Ng4 Nxc6 30. dxc6 Qxc6 31. Bxh6 Be7 32. Bg5 Bxg5 33. hxg5 Nd7 34. Kh2 1/2-1/2

[Event "FIDE World Cup 2013"]
[Site "Tromso NOR"]
[Date "2013.08.12"]
[Round "2.61"]
[White "Swiercz, Dariusz"]
[Black "Zvjaginsev, Vadim"]
[Result "1/2-1/2"]
[WhiteTitle "GM"]
[BlackTitle "GM"]
[WhiteElo "2654"]
[BlackElo "2659"]
[WhiteFideId "1126881"]
[BlackFideId "4113403"]
[EventDate "2013.08.11"]

1. e4 c6 2. Nc3 d5 3. Nf3 dxe4 4. Nxe4 Nf6 5. Nxf6+ exf6 6. Be2 Bd6 7. O-O O-O
8. d4 Re8 9. Be3 Na6 10. c4 Nc7 11. Re1 Bb4 12. Nd2 Bf5 13. a3 Bd6 14. Qb3 Qd7
15. Rad1 Ne6 16. Nf1 Be4 17. Ng3 Nf4 18. Bf1 Bg6 19. Ne2 Nxe2+ 20. Bxe2 Be4 21.
h3 1/2-1/2

[Event "FIDE World Cup 2013"]
[Site "Tromso NOR"]
[Date "2013.08.12"]
[Round "2.63"]
[White "Beliavsky, Alexander G"]
[Black "Yu, Yangyi"]
[Result "1/2-1/2"]
[WhiteTitle "GM"]
[BlackTitle "GM"]
[WhiteElo "2651"]
[BlackElo "2662"]
[WhiteFideId "14602377"]
[BlackFideId "8603820"]
[EventDate "2013.08.11"]

1. d4 Nf6 2. c4 e6 3. Nc3 Bb4 4. Qc2 O-O 5. a3 Bxc3+ 6. Qxc3 d5 7. Bg5 dxc4 8.
Qxc4 b6 9. Rd1 Ba6 10. Qa4 h6 11. Bh4 Qd7 12. Qc2 Qc6 13. Qxc6 Nxc6 14. Bxf6
gxf6 15. Nf3 Rfd8 16. e3 Bb7 17. Rc1 Rac8 18. Bb5 Ne7 19. Ke2 c6 20. Bd3 c5 21.
dxc5 Bxf3+ 22. gxf3 Rxc5 23. Rxc5 bxc5 24. Rc1 Rb8 25. Rc2 Nc8 26. Kd2 Nd6 27.
Kc1 Rc8 28. Ba6 Rc6 29. Be2 Rc8 30. Rd2 Rc6 31. f4 Kf8 32. Bf3 Ra6 33. Rc2 c4
34. Be2 Ra4 35. Rd2 Ke7 36. Rd4 Ra5 37. Kc2 Rc5 38. Rd1 Ne4 39. Rf1 Rc8 40. Bf3
Nc5 41. Be2 Ne4 42. Bf3 Nc5 43. Be2 Ne4 1/2-1/2

[Event "FIDE World Cup 2013"]
[Site "Tromso NOR"]
[Date "2013.08.12"]
[Round "2.64"]
[White "Lysyj, Igor"]
[Black "Istratescu, Andrei"]
[Result "1/2-1/2"]
[WhiteTitle "GM"]
[BlackTitle "GM"]
[WhiteElo "2648"]
[BlackElo "2646"]
[WhiteFideId "4150120"]
[BlackFideId "1200372"]
[EventDate "2013.08.11"]

1. d4 d5 2. c4 e6 3. Nf3 c6 4. Nbd2 f5 5. g3 Nd7 6. Bg2 g5 7. b3 h6 8. Qc2 Qf6
9. h4 g4 10. Ne5 Bd6 11. Nd3 Ne7 12. Bb2 O-O 13. e3 b6 14. O-O Bb7 15. a4 a5 16.
c5 Bc7 17. cxb6 Bxb6 18. Rfc1 Bc7 19. b4 axb4 20. Nxb4 Rfc8 21. Nb3 Ng6 22. a5
Rab8 23. a6 Ba8 24. Nd3 h5 25. a7 Rb6 26. Nbc5 Qe7 27. Ba3 Qe8 28. Nxd7 Qxd7 29.
Bc5 Rb7 30. Rab1 Qd8 31. Nf4 Nxf4 32. exf4 Bd6 33. Bf1 Rcc7 34. Rxb7 Rxb7 35.
Ba6 Rf7 36. Rb1 Kg7 37. Bd3 Bxc5 38. Qxc5 Qe7 39. Qb6 Qxa7 40. Qd8 Bb7 41. Qg5+
Kf8 42. Qd8+ Kg7 43. Qg5+ 1/2-1/2